[Event "Madrid ch 2023-2024 Final"]
[Site "Madrid ESP"]
[Date "2024.05.26"]
[Round "2.8"]
[White "Moreno Ruiz, Javier"]
[Black "Alonso Garcia, Aaron"]
[Result "1-0"]
[WhiteElo "2399"]
[BlackElo "2460"]
[PlyCount "120"]
[EventDate "2024.05.25"]
[EventType "swiss"]
[EventRounds "7"]
[SourceTitle "Ajedrez en Madrid"]
[Source "lmi"]
[SourceDate "2024.05.25"]
[SourceVersion "1"]
[SourceVersionDate "2024.06.01"]
[SourceQuality "1"]

1. d4 Nf6 2. c4 e6 3. Nc3 Bb4 4. e3 c5 5. Bd3 O-O 6. Nge2 cxd4 7. exd4 d5 8.
cxd5 exd5 9. O-O b6 10. Bg5 Bb7 11. Ng3 h6 12. Bh4 Re8 13. Nf5 Nbd7 14. Qf3 Re6
15. Qg3 g6 16. Nxh6+ Kg7 17. Nxf7 Kxf7 18. Qxg6+ Kf8 19. Rae1 Qe8 20. Qh6+ Kg8
21. Bh7+ Nxh7 22. Rxe6 Qf7 23. Rfe1 Ndf8 24. R6e3 Ng6 25. Rg3 Nhf8 26. Rf3 Re8
27. Ree3 Rxe3 28. Qxe3 Qe6 29. Bg5 Qxe3 30. Rxe3 Kf7 31. h4 Ne6 32. Rf3+ Kg8
33. Bf6 Be7 34. h5 Bxf6 35. Rxf6 Ngf8 36. Nb5 a5 37. Nd6 Bc6 38. Nf5 Be8 39. h6
Kh7 40. Ne7 b5 41. Nxd5 Bg6 42. Ne7 Kxh6 43. Nxg6 Kg7 44. Rxf8 Nxf8 45. Nxf8
Kxf8 46. Kf1 Ke7 47. Ke2 Ke6 48. Kd3 Kf5 49. Ke3 b4 50. b3 Kg6 51. Ke4 Kf6 52.
g4 a4 53. bxa4 b3 54. axb3 Ke7 55. a5 Ke8 56. a6 Ke7 57. a7 Ke8 58. a8=Q+ Ke7
59. Qa6 Ke8 60. Qb7 Kd8 1-0

[Event "Madrid ch 2023-2024 Final"]
[Site "Madrid ESP"]
[Date "2024.05.26"]
[Round "2.9"]
[White "Pashov, Spas Nikolov"]
[Black "Suarez Uriel, Adrian"]
[Result "0-1"]
[WhiteElo "1893"]
[BlackElo "2401"]
[PlyCount "58"]
[EventDate "2024.05.25"]
[EventType "swiss"]
[EventRounds "7"]
[SourceTitle "Ajedrez en Madrid"]
[Source "lmi"]
[SourceDate "2024.05.25"]
[SourceVersion "1"]
[SourceVersionDate "2024.06.01"]
[SourceQuality "1"]

1. e4 c5 2. Nf3 d6 3. Bb5+ Nd7 4. O-O a6 5. Bxd7+ Bxd7 6. c4 Nf6 7. Nc3 g6 8.
d3 Bg7 9. Rb1 O-O 10. b3 b5 11. Bb2 Bc6 12. Re1 e5 13. a3 Rb8 14. Qc2 Qd7 15.
Na2 Nh5 16. h3 f5 17. Nh2 Nf4 18. f3 Bh6 19. Bc1 bxc4 20. Qxc4+ Kh8 21. Bxf4
exf4 22. Nc3 Bg7 23. Nf1 Qd8 24. Nd5 a5 25. Nxf4 Bd4+ 26. Kh1 fxe4 27. Ne6 exf3
28. Qxd4+ cxd4 29. Nxd8 fxg2+ 0-1

[Event "Madrid ch 2023-2024 Final"]
[Site "Madrid ESP"]
[Date "2024.05.26"]
[Round "2.10"]
[White "Cardena Contreras, Javier"]
[Black "Rios Rebollo, Victor"]
[Result "1/2-1/2"]
[WhiteElo "1885"]
[BlackElo "2039"]
[PlyCount "107"]
[EventDate "2024.05.25"]
[EventType "swiss"]
[EventRounds "7"]
[SourceTitle "Ajedrez en Madrid"]
[Source "lmi"]
[SourceDate "2024.05.25"]
[SourceVersion "1"]
[SourceVersionDate "2024.06.01"]
[SourceQuality "1"]

1. e4 e6 2. d4 d5 3. Bd3 Nf6 4. e5 Nfd7 5. Nf3 c5 6. c3 Nc6 7. O-O Qb6 8. Bc2
Be7 9. Re1 cxd4 10. cxd4 Nb4 11. Bb3 Qa6 12. Nc3 Nb6 13. a3 Bd7 14. Rb1 Nd3 15.
Re3 Nxc1 16. Rxc1 Rc8 17. Ne2 O-O 18. Rec3 Rxc3 19. Rxc3 Rc8 20. Qc2 Rxc3 21.
Nxc3 Nc4 22. Nd2 Nxd2 23. Qxd2 b5 24. Qd3 Qb6 25. Bc2 g6 26. b4 a5 27. Na2 Qc7
28. Kf1 f6 29. f4 fxe5 30. fxe5 axb4 31. axb4 Qa7 32. Bb3 Be8 33. Qc3 g5 34.
Qb2 Bg6 35. Bd1 Kg7 36. Be2 Qb6 37. Nc1 Kf7 38. Bd3 Qc6 39. Bxg6+ Kxg6 40. Nd3
Qc4 41. Ke2 Kg7 42. Kd2 Kf7 43. g4 Bd8 44. Qc3 Bb6 45. Nc5 Bxc5 46. Qxc4 dxc4
47. dxc5 Ke7 48. Ke3 Kd7 49. Ke4 Kc6 50. h3 Kc7 51. Ke3 Kc6 52. Ke4 h6 53. Kd4
Kc7 54. Ke4 1/2-1/2

[Event "Madrid ch 2023-2024 Final"]
[Site "Madrid ESP"]
[Date "2024.05.26"]
[Round "2.11"]
[White "Calderon Rojo, Borja"]
[Black "Perez Diez, Victor"]
[Result "0-1"]
[WhiteElo "1876"]
[BlackElo "2012"]
[PlyCount "76"]
[EventDate "2024.05.25"]
[EventType "swiss"]
[EventRounds "7"]
[SourceTitle "Ajedrez en Madrid"]
[Source "lmi"]
[SourceDate "2024.05.25"]
[SourceVersion "1"]
[SourceVersionDate "2024.06.01"]
[SourceQuality "1"]

1. e4 c5 2. Nc3 g6 3. h4 h6 4. Nf3 Bg7 5. d4 cxd4 6. Nxd4 Nc6 7. Be3 Nf6 8. f3
d5 9. Bb5 Bd7 10. exd5 Nxd4 11. Bxd7+ Qxd7 12. Qxd4 O-O 13. Qd2 h5 14. O-O-O
Rfd8 15. Kb1 b5 16. a3 a5 17. d6 b4 18. Nd5 Nxd5 19. Qxd5 bxa3 20. b3 a4 21.
Ka2 axb3+ 22. cxb3 exd6 23. Bd4 Re8 24. Rhe1 Bxd4 25. Rxe8+ Rxe8 26. Rxd4 Rd8
27. Kxa3 Qa7+ 28. Ra4 Qg1 29. Qd2 d5 30. g4 hxg4 31. fxg4 d4 32. h5 Qa1+ 33.
Kb4 Rb8+ 34. Kc5 Rc8+ 35. Kd6 Qg1 36. Rxd4 Qg3+ 37. Qf4 Qxb3 38. hxg6 Qe6# 0-1

[Event "Madrid ch 2023-2024 Final"]
[Site "Madrid ESP"]
[Date "2024.05.26"]
[Round "2.12"]
[White "Gutierrez Diaz, Pablo"]
[Black "Pavon Mestras, Luis"]
[Result "0-1"]
[WhiteElo "1994"]
[BlackElo "1885"]
[PlyCount "88"]
[EventDate "2024.05.25"]
[EventType "swiss"]
[EventRounds "7"]
[SourceTitle "Ajedrez en Madrid"]
[Source "lmi"]
[SourceDate "2024.05.25"]
[SourceVersion "1"]
[SourceVersionDate "2024.06.01"]
[SourceQuality "1"]

1. e4 c5 2. Nf3 d6 3. Bb5+ Bd7 4. Bxd7+ Qxd7 5. O-O Nc6 6. c3 Nf6 7. Re1 e6 8.
d4 cxd4 9. cxd4 d5 10. e5 Ne4 11. Nbd2 Nxd2 12. Bxd2 Be7 13. Rc1 h6 14. h4 O-O
15. h5 a5 16. a3 a4 17. g4 f5 18. g5 Qe8 19. g6 Qd7 20. Kg2 Bd8 21. Qc2 Bb6 22.
Qd3 Ba5 23. Qb5 Bxd2 24. Nxd2 Rfd8 25. Qd3 Qe7 26. Nf3 Na5 27. Rc5 Nc4 28. Rb1
Qd7 29. b4 b6 30. Rxc4 dxc4 31. Qxc4 Rdc8 32. Qd3 Qd5 33. Qe3 Rc4 34. Rd1 Rac8
35. Rd3 Qe4 36. Qd2 Qg4+ 37. Kf1 Qh3+ 38. Ke1 Rc1+ 39. Ke2 R8c2 40. Ne1 Qxh5+
41. Nf3 Rxd2+ 42. Kxd2 Rc7 43. d5 exd5 44. Rxd5 Qxg6 0-1

[Event "Madrid ch 2023-2024 Final"]
[Site "Madrid ESP"]
[Date "2024.05.26"]
[Round "2.13"]
[White "Vukotic Jovsic, Dragan"]
[Black "Blazquez Sanz, Oscar"]
[Result "0-1"]
[WhiteElo "1849"]
[BlackElo "1965"]
[PlyCount "92"]
[EventDate "2024.05.25"]
[EventType "swiss"]
[EventRounds "7"]
[SourceTitle "Ajedrez en Madrid"]
[Source "lmi"]
[SourceDate "2024.05.25"]
[SourceVersion "1"]
[SourceVersionDate "2024.06.01"]
[SourceQuality "1"]

1. d4 Nf6 2. Nf3 g6 3. Bf4 Bg7 4. e3 O-O 5. c4 d6 6. Nc3 Nbd7 7. h3 Re8 8. Be2
b6 9. O-O Bb7 10. b4 e5 11. Bh2 Qe7 12. Nb5 exd4 13. Nfxd4 Ne5 14. Rc1 a6 15.
Nc3 Ne4 16. Nxe4 Bxe4 17. f3 Bb7 18. e4 a5 19. a3 axb4 20. axb4 Ra2 21. Rc2
Rea8 22. Qd2 Rxc2 23. Qxc2 Nc6 24. Nxc6 Bxc6 25. b5 Bd4+ 26. Kh1 Bd7 27. Bg1
Qf6 28. f4 Bxg1 29. Kxg1 Qd4+ 30. Kh2 Ra3 31. Rf3 Rxf3 32. Bxf3 Be6 33. Be2 f5
34. exf5 Qxf4+ 35. Kh1 Bxf5 36. Bd3 Kf7 37. Bxf5 Qxf5 38. Qe2 h5 39. Kg1 Qb1+
40. Kh2 Qf5 41. Kg1 Qe5 42. Qf3+ Ke7 43. Qc6 Qc5+ 44. Qxc5 bxc5 45. Kf2 Ke6 46.
Ke3 d5 0-1

[Event "Madrid ch 2023-2024 Final"]
[Site "Madrid ESP"]
[Date "2024.05.26"]
[Round "2.14"]
[White "Vazquez Gonzalez, Jesus"]
[Black "Palomo Monserrat, Lorenzo"]
[Result "1-0"]
[WhiteElo "1955"]
[BlackElo "1740"]
[PlyCount "55"]
[EventDate "2024.05.25"]
[EventType "swiss"]
[EventRounds "7"]
[SourceTitle "Ajedrez en Madrid"]
[Source "lmi"]
[SourceDate "2024.05.25"]
[SourceVersion "1"]
[SourceVersionDate "2024.06.01"]
[SourceQuality "1"]

1. g3 d5 2. Bg2 c6 3. d4 Nf6 4. c4 Bg4 5. h3 Bh5 6. Nc3 e6 7. cxd5 exd5 8. Nf3
Bd6 9. Ne5 Nbd7 10. f4 Bg6 11. O-O Be4 12. Nxe4 Nxe4 13. Bxe4 dxe4 14. Qb3 Bxe5
15. fxe5 O-O 16. Qxb7 Nb6 17. e3 Qd5 18. b3 Rfb8 19. Qe7 Re8 20. Qh4 c5 21. Bb2
Rac8 22. dxc5 Rxc5 23. Rad1 Qb7 24. Rd8 Rc8 25. Rfd1 Qa8 26. Rxc8 Rxc8 27. e6
fxe6 28. Qe7 1-0

[Event "Madrid ch 2023-2024 Final"]
[Site "Madrid ESP"]
[Date "2024.05.27"]
[Round "3.1"]
[White "Alfaya Marcelo, Roberto"]
[Black "Lianes Garcia, Marcos"]
[Result "0-1"]
[WhiteElo "2265"]
[BlackElo "2416"]
[PlyCount "150"]
[EventDate "2024.05.25"]
[EventType "swiss"]
[EventRounds "7"]
[SourceTitle "Ajedrez en Madrid"]
[Source "lmi"]
[SourceDate "2024.05.25"]
[SourceVersion "1"]
[SourceVersionDate "2024.06.01"]
[SourceQuality "1"]

1. d4 Nf6 2. c4 e6 3. Nf3 d5 4. g3 Be7 5. Bg2 O-O 6. O-O dxc4 7. Qc2 b5 8. a4
b4 9. Ne5 Qxd4 10. Bxa8 Qxe5 11. Bf4 Qh5 12. Bf3 Ng4 13. Bxg4 Qxg4 14. Qxc4 e5
15. Qxc7 exf4 16. Qxe7 fxg3 17. Nd2 gxf2+ 18. Kxf2 Qd4+ 19. Qe3 Qxb2 20. Rab1
Qf6+ 21. Nf3 a5 22. Rg1 Bf5 23. Rbc1 Nd7 24. Qd4 b3 25. Rc6 Qxd4+ 26. Nxd4 Be4
27. Rc7 b2 28. Rxd7 Ra8 29. Nb3 b1=Q 30. Rxb1 Bxb1 31. Nxa5 g6 32. Nc6 Rxa4 33.
Ne5 Ba2 34. Nf3 Kg7 35. Rc7 h6 36. Rc5 g5 37. Re5 Be6 38. Rc5 Kf6 39. Rb5 Rf4
40. Kg3 Re4 41. Rb2 g4 42. Ng1 Re3+ 43. Kf2 Ra3 44. Rb5 Kg6 45. Re5 h5 46. Rb5
Bf5 47. Re5 Be6 48. Rb5 h4 49. Re5 Rb3 50. Rc5 Bf5 51. Re5 Bc8 52. Ra5 Bb7 53.
Ra1 Kg5 54. Rd1 Be4 55. Rd8 f6 56. Rd1 f5 57. Rc1 Kf6 58. Ra1 Bd5 59. Rc1 Ra3
60. Rb1 Ke5 61. Rd1 h3 62. Re1 Be4 63. e3 Bd3 64. Kg3 Ra2 65. Nxh3 gxh3 66.
Kxh3 Ke4 67. Kg3 Be2 68. Kf2 Bf3+ 69. Kg3 Rg2+ 70. Kh3 Re2 71. Ra1 Kxe3 72.
Ra3+ Kf4 73. Ra4+ Be4 74. Ra7 Rb2 75. Ra3 Rb8 0-1

[Event "Madrid ch 2023-2024 Final"]
[Site "Madrid ESP"]
[Date "2024.05.27"]
[Round "3.2"]
[White "Torres Rebolledo, Victor"]
[Black "Rey Martinez, Jaime"]
[Result "1/2-1/2"]
[WhiteElo "2214"]
[BlackElo "2313"]
[PlyCount "53"]
[EventDate "2024.05.25"]
[EventType "swiss"]
[EventRounds "7"]
[SourceTitle "Ajedrez en Madrid"]
[Source "lmi"]
[SourceDate "2024.05.25"]
[SourceVersion "1"]
[SourceVersionDate "2024.06.01"]
[SourceQuality "1"]

1. d4 Nf6 2. c4 e6 3. Bf4 d5 4. cxd5 exd5 5. Nc3 c6 6. e3 Bd6 7. Bxd6 Qxd6 8.
Bd3 O-O 9. Nge2 Re8 10. h3 Nbd7 11. Qc2 Nf8 12. O-O Ng6 13. Ng3 Nh4 14. Rae1
Bd7 15. Nf5 Bxf5 16. Bxf5 Nxf5 17. Qxf5 Ne4 18. Nxe4 Rxe4 19. f3 g6 20. Qg5 f6
21. Qh6 Re6 22. Qf4 Qxf4 23. exf4 Rae8 24. Rxe6 Rxe6 25. Kf2 Kf7 26. h4 h5 27.
Rc1 1/2-1/2

[Event "Madrid ch 2023-2024 Final"]
[Site "Madrid ESP"]
[Date "2024.05.27"]
[Round "3.3"]
[White "Moreno Ruiz, Javier"]
[Black "Horcajuelo Rocamora, Martin"]
[Result "0-1"]
[WhiteElo "2399"]
[BlackElo "2242"]
[PlyCount "112"]
[EventDate "2024.05.25"]
[EventType "swiss"]
[EventRounds "7"]
[SourceTitle "Ajedrez en Madrid"]
[Source "lmi"]
[SourceDate "2024.05.25"]
[SourceVersion "1"]
[SourceVersionDate "2024.06.01"]
[SourceQuality "1"]

1. d4 d5 2. c4 e6 3. Nc3 Be7 4. Nf3 Nf6 5. Bg5 h6 6. Bh4 O-O 7. e3 Nbd7 8. Rc1
dxc4 9. Bxc4 a6 10. e4 Nxe4 11. Bxe7 Nxc3 12. Bxd8 Nxd1 13. Be7 Nxb2 14. Bxf8
Kxf8 15. Be2 c6 16. Kd2 Na4 17. Rb1 b5 18. Rhc1 Bb7 19. Bd1 Nab6 20. a4 Rd8 21.
Ke1 Nd5 22. g3 Ke7 23. Nd2 Ba8 24. Bf3 N7f6 25. a5 Rd6 26. Kf1 Nc7 27. Nb3 Nd7
28. Rb2 e5 29. Re2 Ne6 30. dxe5 Rd3 31. Re3 Rxe3 32. fxe3 Nxe5 33. Bg2 Kd6 34.
Ke2 g6 35. Rd1+ Kc7 36. Nd4 Nd8 37. Nb3 Bb7 38. Bh3 c5 39. Nxc5 Bf3+ 40. Ke1
Bxd1 41. Kxd1 Ndc6 42. Nxa6+ Kd6 43. Bc8 Nc4 44. Ke2 N4xa5 45. Kd3 Nc4 46. e4
N4e5+ 47. Kc3 b4+ 48. Nxb4 Nxb4 49. Kxb4 Nf3 50. h4 Nd2 51. Bb7 Ke5 52. Bd5 f5
53. Bf7 Kf6 54. Bd5 Nxe4 55. g4 Ke5 56. Bf7 fxg4 0-1

[Event "Madrid ch 2023-2024 Final"]
[Site "Madrid ESP"]
[Date "2024.05.27"]
[Round "3.4"]
[White "Martin Duque, Jesus"]
[Black "Martin Rodriguez, Emilio"]
[Result "1-0"]
[WhiteElo "2343"]
[BlackElo "2037"]
[PlyCount "43"]
[EventDate "2024.05.25"]
[EventType "swiss"]
[EventRounds "7"]
[SourceTitle "Ajedrez en Madrid"]
[Source "lmi"]
[SourceDate "2024.05.25"]
[SourceVersion "1"]
[SourceVersionDate "2024.06.01"]
[SourceQuality "1"]

1. Nf3 d5 2. g3 Nf6 3. Bg2 g6 4. O-O Bg7 5. c4 c6 6. d4 O-O 7. Nc3 Ne4 8. h4
Nxc3 9. bxc3 Nd7 10. cxd5 cxd5 11. Qb3 Nb6 12. a4 Nc4 13. Nd2 Nxd2 14. Bxd2 e6
15. a5 Qd6 16. Rfb1 Rd8 17. e4 dxe4 18. Bxe4 e5 19. a6 b6 20. Bxa8 Be6 21. d5
Bf5 22. Bc6 1-0

[Event "Madrid ch 2023-2024 Final"]
[Site "Madrid ESP"]
[Date "2024.05.27"]
[Round "3.5"]
[White "Suarez Uriel, Adrian"]
[Black "Garcia Dorado, Alberto"]
[Result "1-0"]
[WhiteElo "2401"]
[BlackElo "2199"]
[PlyCount "41"]
[EventDate "2024.05.25"]
[EventType "swiss"]
[EventRounds "7"]
[SourceTitle "Ajedrez en Madrid"]
[Source "lmi"]
[SourceDate "2024.05.25"]
[SourceVersion "1"]
[SourceVersionDate "2024.06.01"]
[SourceQuality "1"]

1. e4 c6 2. d4 d5 3. e5 Bf5 4. h4 h5 5. Bg5 Qb6 6. Bd3 Qxd4 7. Nf3 Qg4 8. Bxf5
Qxf5 9. c4 Qe4+ 10. Be3 e6 11. Nbd2 Qd3 12. Rc1 dxc4 13. Rxc4 Na6 14. Rd4 Qb5
15. a4 Qa5 16. O-O Bc5 17. Nc4 Qc7 18. Nd6+ Kf8 19. Nxf7 Qxf7 20. Rf4 Nf6 21.
exf6 1-0

[Event "Madrid ch 2023-2024 Final"]
[Site "Madrid ESP"]
[Date "2024.05.27"]
[Round "3.6"]
[White "Perez Diez, Victor"]
[Black "Martinez Fernandez, Raul"]
[Result "1-0"]
[WhiteElo "2012"]
[BlackElo "2181"]
[PlyCount "61"]
[EventDate "2024.05.25"]
[EventType "swiss"]
[EventRounds "7"]
[SourceTitle "Ajedrez en Madrid"]
[Source "lmi"]
[SourceDate "2024.05.25"]
[SourceVersion "1"]
[SourceVersionDate "2024.06.01"]
[SourceQuality "1"]

1. e4 e5 2. Nf3 Nc6 3. Bc4 Nf6 4. d3 h6 5. Nbd2 d6 6. c3 g5 7. Nf1 Bg7 8. Ng3
O-O 9. O-O Re8 10. h4 g4 11. Nh2 Ne7 12. f3 d5 13. exd5 Nfxd5 14. fxg4 Ng6 15.
Nf5 c6 16. Nxg7 Kxg7 17. g5 hxg5 18. Bxg5 Qb6+ 19. Kh1 f5 20. Qh5 Rh8 21. Qe2
Qc7 22. g3 Bd7 23. Rae1 Rae8 24. h5 Nf8 25. g4 f4 26. Qe4 Qd6 27. d4 Nh7 28.
Bh4 Nhf6 29. Qg6+ Kf8 30. dxe5 Rxe5 31. Bxf6 1-0

[Event "Madrid ch 2023-2024 Final"]
[Site "Madrid ESP"]
[Date "2024.05.27"]
[Round "3.7"]
[White "Torres Rebolledo, Alvaro"]
[Black "Blazquez Sanz, Oscar"]
[Result "1-0"]
[WhiteElo "2100"]
[BlackElo "1965"]
[PlyCount "65"]
[EventDate "2024.05.25"]
[EventType "swiss"]
[EventRounds "7"]
[SourceTitle "Ajedrez en Madrid"]
[Source "lmi"]
[SourceDate "2024.05.25"]
[SourceVersion "1"]
[SourceVersionDate "2024.06.01"]
[SourceQuality "1"]

1. e4 e6 2. d3 d5 3. Nd2 c5 4. Ngf3 Nc6 5. g3 Bd6 6. Bg2 Nf6 7. Qe2 Qc7 8. exd5
Nxd5 9. Ne4 O-O 10. c4 Nde7 11. O-O e5 12. Be3 f5 13. Nc3 f4 14. Bd2 Bg4 15.
Nb5 Qd7 16. h3 Bxf3 17. Bxf3 Bb8 18. Bg4 Nf5 19. Qe4 a6 20. Nc3 Ncd4 21. Nd5
Qd6 22. b4 fxg3 23. bxc5 gxf2+ 24. Rxf2 Qg6 25. Kh2 Qe8 26. Bxf5 g6 27. Bh6
Rxf5 28. Rxf5 gxf5 29. Qg2+ Kf7 30. Qg7+ Ke6 31. Qf6+ Kd7 32. Nb6+ Kc7 33. Qd6#
1-0

[Event "Madrid ch 2023-2024 Final"]
[Site "Madrid ESP"]
[Date "2024.05.27"]
[Round "3.8"]
[White "Pavon Mestras, Luis"]
[Black "Rodriguez Melendez, Juan Humberto"]
[Result "0-1"]
[WhiteElo "1885"]
[BlackElo "2073"]
[PlyCount "84"]
[EventDate "2024.05.25"]
[EventType "swiss"]
[EventRounds "7"]
[SourceTitle "Ajedrez en Madrid"]
[Source "lmi"]
[SourceDate "2024.05.25"]
[SourceVersion "1"]
[SourceVersionDate "2024.06.01"]
[SourceQuality "1"]

1. c4 Nf6 2. Nc3 g6 3. d4 Bg7 4. e4 d6 5. f3 O-O 6. Bg5 c5 7. d5 e6 8. Bd3 h6
9. Be3 a6 10. Qd2 exd5 11. Nxd5 Nc6 12. Ne2 Nxd5 13. cxd5 Ne5 14. O-O Re8 15.
Rad1 Kh7 16. b3 Nxd3 17. Qxd3 Bd7 18. Rf2 Qc7 19. g4 b5 20. Kh1 a5 21. Ng3 b4
22. Rdf1 Bc8 23. Rc1 a4 24. g5 h5 25. h4 axb3 26. axb3 Qd7 27. Qf1 Ra3 28. Rb1
c4 29. Bc1 Rxb3 30. Rxb3 cxb3 31. Qg2 Bd4 32. Rd2 Bc3 33. Rf2 Ba6 34. Nf1 Bd3
35. Kh2 Qa7 36. Ng3 Qa1 37. Nxh5 Qxc1 38. Nf6+ Bxf6 39. gxf6 Qf4+ 40. Kh3 Qxf6
41. Qh2 Kg7 42. Qg2 Rh8 0-1

[Event "Madrid ch 2023-2024 Final"]
[Site "Madrid ESP"]
[Date "2024.05.27"]
[Round "3.9"]
[White "De Vicente Guijarro, Juan"]
[Black "Vioque Gonzalez, Nicolas"]
[Result "1/2-1/2"]
[WhiteElo "1872"]
[BlackElo "2045"]
[PlyCount "89"]
[EventDate "2024.05.25"]
[EventType "swiss"]
[EventRounds "7"]
[SourceTitle "Ajedrez en Madrid"]
[Source "lmi"]
[SourceDate "2024.05.25"]
[SourceVersion "1"]
[SourceVersionDate "2024.06.01"]
[SourceQuality "1"]

1. e4 e5 2. Nf3 Nc6 3. Nc3 Bc5 4. Nxe5 Nxe5 5. d4 Bd6 6. dxe5 Bxe5 7. Bd3 Nf6
8. O-O d6 9. Ne2 Nd7 10. f4 Bf6 11. c3 O-O 12. Bc2 b6 13. Qd5 Ba6 14. Re1 Nc5
15. Qf5 g6 16. Qg4 Re8 17. Ng3 Bg7 18. Bd2 Bd3 19. Rac1 h5 20. Qf3 Bxc2 21.
Rxc2 h4 22. Nh1 Qe7 23. Nf2 f5 24. e5 dxe5 25. fxe5 Bxe5 26. Bf4 Ne4 27. Rce2
Bxf4 28. Qxf4 h3 29. gxh3 Qd6 30. Qh6 Re6 31. Nxe4 fxe4 32. Rxe4 Rxe4 33. Rxe4
Qd1+ 34. Kf2 Qc2+ 35. Re2 Qf5+ 36. Ke1 Qb1+ 37. Kf2 Rf8+ 38. Kg3 Qg1+ 39. Kh4
a5 40. Qg5 Qf1 41. Qxg6+ Kh8 42. Qh5+ Kg8 43. Qd5+ Kh8 44. Qh5+ Kg8 45. Qg6+
1/2-1/2

[Event "Madrid ch 2023-2024 Final"]
[Site "Madrid ESP"]
[Date "2024.05.27"]
[Round "3.10"]
[White "Bravo De La Vega, Alvaro"]
[Black "Vazquez Gonzalez, Jesus"]
[Result "1-0"]
[WhiteElo "2027"]
[BlackElo "1955"]
[PlyCount "81"]
[EventDate "2024.05.25"]
[EventType "swiss"]
[EventRounds "7"]
[SourceTitle "Ajedrez en Madrid"]
[Source "lmi"]
[SourceDate "2024.05.25"]
[SourceVersion "1"]
[SourceVersionDate "2024.06.01"]
[SourceQuality "1"]

1. d4 d5 2. c4 e6 3. Nc3 a6 4. cxd5 exd5 5. Bf4 Nf6 6. e3 Nbd7 7. Bd3 c5 8.
dxc5 Nxc5 9. Nf3 Bg4 10. Be2 b5 11. h3 Be6 12. Rc1 Be7 13. O-O O-O 14. a3 Rc8
15. Be5 Nfe4 16. b4 Nxc3 17. Rxc3 Ne4 18. Rxc8 Qxc8 19. Qa1 f6 20. Rc1 Qd7 21.
Rc7 Qd8 22. Bf4 Nd6 23. Bxd6 Bxd6 24. Rc6 Bc8 25. Nd4 Re8 26. Bf3 Re5 27. Qa2
Bb8 28. Bxd5+ Rxd5 29. Rxc8 Qxc8 30. Qxd5+ Kh8 31. g3 h6 32. Kg2 Ba7 33. h4 Kh7
34. h5 Qg4 35. Qf5+ Qxf5 36. Nxf5 g6 37. hxg6+ Kxg6 38. Nd4 f5 39. Kf3 Kf6 40.
Nc6 Bb6 41. Nb8 1-0

[Event "Madrid ch 2023-2024 Final"]
[Site "Madrid ESP"]
[Date "2024.05.27"]
[Round "3.11"]
[White "Rios Rebollo, Victor"]
[Black "Gutierrez Diaz, Pablo"]
[Result "1-0"]
[WhiteElo "2039"]
[BlackElo "1994"]
[PlyCount "127"]
[EventDate "2024.05.25"]
[EventType "swiss"]
[EventRounds "7"]
[SourceTitle "Ajedrez en Madrid"]
[Source "lmi"]
[SourceDate "2024.05.25"]
[SourceVersion "1"]
[SourceVersionDate "2024.06.01"]
[SourceQuality "1"]

1. d4 Nf6 2. c4 g6 3. Nc3 Bg7 4. e4 d6 5. f3 O-O 6. Be3 c5 7. Nge2 cxd4 8. Nxd4
Nc6 9. Qd2 Bd7 10. Be2 Nxd4 11. Bxd4 Qa5 12. O-O Rfc8 13. Rfd1 Be6 14. b3 Nd7
15. f4 a6 16. Bxg7 Kxg7 17. Qd4+ f6 18. Nd5 Bxd5 19. exd5 Qc5 20. Qxc5 Rxc5 21.
a4 a5 22. Re1 Rc7 23. Bd3 Nc5 24. Bc2 Ra6 25. Re3 b6 26. Rae1 Raa7 27. g3 Na6
28. Kf2 Nc5 29. h3 Kf7 30. Kg2 Rc8 31. g4 Nxa4 32. bxa4 Rxc4 33. Bb3 Rxf4 34.
Re4 Rxe4 35. Rxe4 Rb7 36. Bc4 Rc7 37. Rd4 h6 38. h4 Rc5 39. Kf3 Rc8 40. Kf4 Rc5
41. Ke3 f5 42. g5 Rc8 43. Kf4 hxg5+ 44. Kxg5 Rh8 45. Be2 e6 46. dxe6+ Kxe6 47.
Kxg6 Ke5 48. Kg7 Rd8 49. Rd1 d5 50. h5 Rd7+ 51. Kg6 Rd6+ 52. Kg5 Rd8 53. h6
Rg8+ 54. Kh5 Rg2 55. Bf3 Rh2+ 56. Kg6 Rh3 57. Bh5 Rg3+ 58. Kf7 Rh3 59. Kg6 Rg3+
60. Kh7 Rh3 61. Bg6 Rc3 62. Kg7 Rc7+ 63. Bf7 Rc2 64. h7 1-0

[Event "Madrid ch 2023-2024 Final"]
[Site "Madrid ESP"]
[Date "2024.05.27"]
[Round "3.12"]
[White "Lopez de Turiso, Jose Angel"]
[Black "Cardena Contreras, Javier"]
[Result "1-0"]
[WhiteElo "1943"]
[BlackElo "1885"]
[PlyCount "99"]
[EventDate "2024.05.25"]
[EventType "swiss"]
[EventRounds "7"]
[SourceTitle "Ajedrez en Madrid"]
[Source "lmi"]
[SourceDate "2024.05.25"]
[SourceVersion "1"]
[SourceVersionDate "2024.06.01"]
[SourceQuality "1"]

1. Nc3 c5 2. Nf3 Nc6 3. d4 cxd4 4. Nxd4 Nf6 5. g3 g6 6. Bg2 Bg7 7. Nxc6 bxc6 8.
O-O Qc7 9. Na4 Rb8 10. c4 c5 11. b3 O-O 12. Bb2 Bb7 13. f3 d6 14. e4 Bc6 15.
Nc3 e6 16. Qe2 a5 17. Rfd1 a4 18. bxa4 d5 19. e5 Rxb2 20. Qxb2 Qxe5 21. Qc2 Nh5
22. cxd5 exd5 23. Rac1 Qe3+ 24. Kh1 Bd4 25. f4 Re8 26. Qd3 Qe6 27. Nb5 Bxb5 28.
axb5 Nf6 29. Bf3 Ne4 30. Bxe4 dxe4 31. Qe2 e3 32. a4 Qe4+ 33. Kg1 Ra8 34. Rc4
Qd5 35. Rdc1 h5 36. h4 Qf5 37. Kg2 Qd7 38. Qf3 Re8 39. Qe2 Qd5+ 40. Kh2 f6 41.
a5 Ra8 42. a6 Rb8 43. R4c2 Qd7 44. Rb1 Qc7 45. Qc4+ Kh7 46. Qxd4 cxd4 47. Rxc7+
Kh6 48. Rd7 e2 49. Rxd4 Rxb5 50. Re1 1-0

[Event "Madrid ch 2023-2024 Final"]
[Site "Madrid ESP"]
[Date "2024.05.27"]
[Round "3.13"]
[White "Alonso Garcia, Aaron"]
[Black "Calderon Rojo, Borja"]
[Result "1-0"]
[WhiteElo "2460"]
[BlackElo "1876"]
[PlyCount "116"]
[EventDate "2024.05.25"]
[EventType "swiss"]
[EventRounds "7"]
[SourceTitle "Ajedrez en Madrid"]
[Source "lmi"]
[SourceDate "2024.05.25"]
[SourceVersion "1"]
[SourceVersionDate "2024.06.01"]
[SourceQuality "1"]

1. e4 e6 2. d4 d5 3. Nc3 dxe4 4. Nxe4 Bd7 5. c4 Bb4+ 6. Bd2 Bxd2+ 7. Qxd2 Bc6
8. Nc3 Nf6 9. O-O-O O-O 10. Nge2 b5 11. cxb5 Ne4 12. Nxe4 Bxe4 13. Nc3 Bd5 14.
Be2 a6 15. Nxd5 exd5 16. bxa6 Qd6 17. Kb1 Nxa6 18. a3 Rfb8 19. Qc3 Rb6 20. Bxa6
Rbxa6 21. Rd3 Rb6 22. Ka1 h6 23. g3 Rab8 24. Rb1 c6 25. Re3 Rb5 26. Qc2 g6 27.
Rc3 R5b6 28. h4 Qf6 29. Qd2 Kg7 30. Ka2 Rb5 31. b3 Re8 32. Re3 Rc8 33. Rc1 Kh7
34. a4 Rb6 35. Rcc3 Rcb8 36. Rf3 Qg7 37. h5 Rb4 38. hxg6+ fxg6 39. Rfd3 Qb7 40.
Qc2 Qb6 41. Rxc6 Rc4 42. Rxc4 dxc4 43. Qxc4 Rf8 44. f4 Qb7 45. Rc3 Rf7 46. d5
h5 47. d6 Kh6 48. Ka3 Rg7 49. Qd4 Rh7 50. f5 Rg7 51. Qf4+ g5 52. Qe5 Qh1 53. d7
Qa1+ 54. Kb4 Qd1 55. Rc6+ Kh7 56. Ra6 Qg4+ 57. Ka3 h4 58. d8=Q hxg3 1-0